| 000 | 06239nam a22005777a 4500 | ||
|---|---|---|---|
| 005 | 20090617114922.0 | ||
| 010 | _aHIN-86945 B-428901-926 | ||
| 020 |
_a8188170347 _c175.00 |
||
| 035 | _aHN-59291 | ||
| 035 | _aB-428901-926 | ||
| 037 | _bDBAD / PUB | ||
| 037 | _bVirtuous Pub. | ||
| 082 | _a821 | ||
| 100 |
_aधवन, प्रवेश _928003 |
||
| 245 |
_aवक़्त का बहता दरिया: _cप्रवेश धवन _b(कविता-संग्रह) / |
||
| 246 |
_aWaqata kaa bahataa dariyaa _bby Pravash Dhawan |
||
| 260 |
_aनयी दिल्ली _bकलावती प्रकाशन _c2009 |
||
| 270 |
_aपी-4, पिलंजी सरोजिनी नगर, _bनयी दिल्ली _e110023 _k09810667195, 011-65860770 |
||
| 300 |
_a96पृ. _c22सेमी (सजिल्द) |
||
| 650 |
_aहिन्दी कविता _9697 |
||
| 650 |
_aHindi poetry _9698 |
||
| 942 |
_2ddc _cHN _mधवन _h821 |
||
| 999 |
_c27545 _d27545 |
||